La liberación del pasado en la novela histórica: aportes para una discusión /
Inicialmente, se explica el tránsito que ha tenido la narración a lo largo de la historia y cómo el mito, ha dado espacio a la novela (en términos de estructura narrativa) y posteriormente la historia ha venido a dividirla en historiografía y ficcional, y explica en qué consiste cada una de éstas. A...
Guardado en:
| Autor principal: | |
|---|---|
| Formato: | Texto |
| Materias: | |
| Etiquetas: |
Agregar Etiqueta
Sin Etiquetas, Sea el primero en etiquetar este registro!
|
MARC
| LEADER | 00000 a a2200000 04500 | ||
|---|---|---|---|
| 001 | 47157 | ||
| 003 | |||
| 040 | |||
| 100 | |a González Campos, Guillermo | ||
| 245 | |a La liberación del pasado en la novela histórica: |b aportes para una discusión / |c Guillermo González Campos | ||
| 520 | |a Inicialmente, se explica el tránsito que ha tenido la narración a lo largo de la historia y cómo el mito, ha dado espacio a la novela (en términos de estructura narrativa) y posteriormente la historia ha venido a dividirla en historiografía y ficcional, y explica en qué consiste cada una de éstas. A través de la descripción y análisis las novelas Los perros del paraíso de Abel Posse y La última adivinanza del mundo de Froilán Escobar y comparando su estructura con la escritura de García Márquez, González detalla las diferencias en los tipos de novelas y por qué la novela histórica renuncia desde un principio a ser un retrato de la realidad. Por último, el autor concluye argumentando que la novela a última adivinanza del mundo de Froilán Escobar constituye un alegato profundo a favor de la idea de que el pasado no es una historia acabada, sino un relato que debe escribirse y reescribirse permanentemente. | ||
| 590 | |a Silvia/16032015 | ||
| 650 | |a Historia | ||
| 650 | |a Macrotesauro de la OCDE/ | ||
| 650 | |a Literatura | ||
| 650 | |a Macrotesauro de la OCDE/ | ||
| 650 | |a Novelas | ||
| 650 | |a Macrotesauro de la OCDE/ | ||
| 773 | |g volumen10, número11, (2013), páginas 49-64 | ||
| 999 | |c 37625 |d 37625 | ||
